Kabale University Library Catalogue

Routledge handbook on gender in tourism : (Record no. 6237)

MARC details
000 -LEADER
fixed length control field 01146cam a22002778i 4500
003 - CONTROL NUMBER IDENTIFIER
control field OSt
005 - DATE AND TIME OF LATEST TRANSACTION
control field 20260701134702.0
008 - FIXED-LENGTH DATA ELEMENTS--GENERAL INFORMATION
fixed length control field 231020s2024 nyu bf 001 0 eng
020 ## - INTERNATIONAL STANDARD BOOK NUMBER
International Standard Book Number 9781032261348
Qualifying information (hbk)
020 ## - INTERNATIONAL STANDARD BOOK NUMBER
International Standard Book Number 9781032261409
Qualifying information (pbk)
020 ## - INTERNATIONAL STANDARD BOOK NUMBER
Canceled/invalid ISBN 9781003286721
Qualifying information (ebk)
040 ## - CATALOGING SOURCE
Original cataloging agency KABLIB
Language of cataloging eng
Description conventions rda
Transcribing agency KABLIB
082 00 - DEWEY DECIMAL CLASSIFICATION NUMBER
Classification number 306.4
Edition number 23
Item number ROU
245 00 - TITLE STATEMENT
Title Routledge handbook on gender in tourism :
Remainder of title views on teaching, research and praxis /
Statement of responsibility, etc. Magdalena Petronella (Nellie) Swart, Wenjie Cai, Elaine Chiao Ling Yang, and Albert Nsom Kimbu(editors)
264 #1 - PRODUCTION, PUBLICATION, DISTRIBUTION, MANUFACTURE, AND COPYRIGHT NOTICE
Place of production, publication, distribution, manufacture New York :
Name of producer, publisher, distributor, manufacturer Routledge,
Date of production, publication, distribution, manufacture, or copyright notice c2024.
300 ## - PHYSICAL DESCRIPTION
Extent xxi ,310p. :
Other physical details ill ,
Dimensions 25cm.
504 ## - BIBLIOGRAPHY, ETC. NOTE
Bibliography, etc. note Includes bibliographical references, index.
600 ## - SUBJECT ADDED ENTRY--PERSONAL NAME
Source of heading or term
650 #0 - SUBJECT ADDED ENTRY--TOPICAL TERM
Topical term or geographic name entry element Women in tourism.
9 (RLIN) 15856
700 1# - ADDED ENTRY--PERSONAL NAME
Personal name Swart, M. P.
Fuller form of name (Magdalena Petronella),
Relator term editor.
9 (RLIN) 15857
700 1# - ADDED ENTRY--PERSONAL NAME
Personal name Cai, Wenjie,
Relator term editor.
9 (RLIN) 15858
700 1# - ADDED ENTRY--PERSONAL NAME
Personal name Chiao Ling Yang, Elaine,
Relator term editor.
9 (RLIN) 15859
700 1# - ADDED ENTRY--PERSONAL NAME
Personal name Kimbu, Albert N.,
Relator term editor.
9 (RLIN) 15860
776 08 - ADDITIONAL PHYSICAL FORM ENTRY
Relationship information Online version:
Title Routledge handbook on gender in tourism
Edition First edition.
Place, publisher, and date of publication New York : Routledge, 2024
International Standard Book Number 9781003286721
Record control number (DLC) 2023042880
942 ## - ADDED ENTRY ELEMENTS (KOHA)
Source of classification or shelving scheme Dewey Decimal Classification
Koha item type Book
Holdings
Withdrawn status Lost status Source of classification or shelving scheme Damaged status Not for loan Home library Current library Shelving location Date acquired Source of acquisition Total Checkouts Full call number Barcode Date last seen Price effective from Koha item type
    Dewey Decimal Classification     Mukombe Library Mukombe Library Open Access Section 01.07.2026 Purchased   306.4 ROU 14937 01.07.2026 01.07.2026 Book
    Dewey Decimal Classification     Mukombe Library Mukombe Library Open Access Section 01.07.2026 Purchased   306.4 ROU 14938 01.07.2026 01.07.2026 Book
    Dewey Decimal Classification     Mukombe Library Mukombe Library Open Access Section 01.07.2026 Purchased   306.4 ROU 14939 01.07.2026 01.07.2026 Book

Kabale University Library | Kabale University P.O Box 317, Kabale, Uganda
Tel : +256754017033, +256774661503 E-mail : library@kab.ac.ug